Season 4 SNL Hosts by Picture - Statistics

General Stats
  • This quiz has been taken 36 times
  • The average score is 9 of 18
Answer Stats
Picture Answer % Correct
Steve Martin
94%
The Rolling Stones
94%
Carrie Fisher
80%
Frank Zappa
71%
Elliott Gould
66%
Eric Idle
54%
Buck Henry
51%
Gary Busey
49%
Walter Matthau
49%
Milton Berle
46%
Fred Willard
31%
Kate Jackson
31%
Margot Kidder
31%
Michael Palin
31%
Cicely Tyson
26%
Ricky Nelson
26%
Richard Benjamin
23%
Maureen Stapleton
14%
No matching quizzes found
Score Distribution
Percent of People with Each Score
Percentile by Number Answered
Your Score History
You have not taken this quiz